LEADER 01095nam a2200253 i 4500 001 000000133618 003 CaOOAMICUS 005 20070323000000.0 008 070323s1993 it u000 u ita u 013 $a106637 020 $a88-7135-040-5 040 $aSeMil$bita 100 1 $aGiandomenico, Nicola .$0(OLS)http://semarc/name/51651 245 10$aS. Chiara di Assisi :$bLa pianticella del Beato Francesco /$cNicola Giandomenico, Nilo Negroni. 260 $aGorle :$bVelar,$ccopyr. 1993. 300 $a166 p. :$bricc. ill. ;$c31 cm. 600 04$aChiara : d'Assisi .$0(OLS)http://semarc/subject/7962 700 1 $aNegroni, Nilo <1931- >.$0(OLS)http://semarc/name/54753 850 $aSeMil 852 $aSeMil$W1$xVenegono$y1$m3H VI 33$j87435$B87435$CSeMilBibl$Z2$F122857 $81 961 $aOmaggio: Altro 996 $6020$a88-7135-040-5$9(OLS)http://semarc/number/120761 996 $6245$aS. Chiara di Assisi :$bLa pianticella del Beato Francesco$9(OLS)http://semarc/title/195686 996 $6260$aGorle :$bVelar$9(OLS)http://semarc/publisher/33489 LEADER 01065nam a2200241 i 4500 001 000000242300 003 CaOOAMICUS 005 20150603000000.0 008 150603n it u000 u ita u 013 $a221205 040 $aSeMil$bita 245 14$a[Il ministero presbiterale :$bcenni storici]. 260 $aSaronno :$bSeminario Arcivescovile di Milano,$c[199?] 300 $a28 p. ;$c21 cm. 490 0 $aQuaderni di S. Pietro Martire 490 0 $aQuaderni di S. Pietro Martire. Serie Vita comune 650 4$aPresbiteri - Storia - Formazione.$0(OLS)http://semarc/subject/42245 830 0$aQuaderni di S. Pietro Martire.$0(OLS)http://semarc/title/19757 830 0$aQuaderni di S. Pietro Martire. Serie Vita comune.$0(OLS)http://semarc/title/19851 850 $aSeMil 852 $aSeMil$W1$xVenegono$y1$m5D XI 11/31$j192646$B192646$CSeMilBibl$Z2$F203447 $81 996 $6245$a[Il ministero presbiterale :$bcenni storici]$9(OLS)http://semarc/title/344082 996 $6260$aSaronno :$bSeminario Arcivescovile di Milano$9(OLS)http://semarc/publisher/37896